Εκτίμηση οικολογικής κατάστασης της παράκτιας ζώνης του Στενού της Μυτιλήνης με χρήση βιολογικών δεικτών : πτυχιακή εργασία
Αποθηκεύτηκε σε:
| Κύριος συγγραφέας: | |
|---|---|
| Συγγραφή απο Οργανισμό/Αρχή: | |
| Άλλοι συγγραφείς: | |
| Μορφή: | Thesis Βιβλίο |
| Γλώσσα: | Greek |
| Δημοσίευση: |
2009
|
| Θέματα: | |
| Διαθέσιμο Online: | http://hdl.handle.net/11610/7070 |
| Ετικέτες: |
Προσθήκη ετικέτας
Δεν υπάρχουν, Καταχωρήστε ετικέτα πρώτοι!
|
MARC
| LEADER | 00000cam a2200000 i 4500 | ||
|---|---|---|---|
| 001 | 1/7667 | ||
| 008 | 100520s2009 gre d | ||
| 035 | |l 10107948 | ||
| 040 | |a GR-MY-UA |b gre |e aacr | ||
| 041 | 0 | |a gre | |
| 082 | 0 | |a 577.77 |2 (22) | |
| 100 | 1 | |a Ατσαλάκη-Γεροπάντα, Άρτεμις. | |
| 245 | 1 | 0 | |a Εκτίμηση οικολογικής κατάστασης της παράκτιας ζώνης του Στενού της Μυτιλήνης με χρήση βιολογικών δεικτών : |b πτυχιακή εργασία / |c Ατσαλάκη-Γεροπάντα Άρτεμις ; επιβλέπων καθηγητής: Δρόσος κουτσούμπας |
| 260 | |c 2009 | ||
| 300 | |a 59 σ.; |b εικ.; |c 30 εκ. | ||
| 502 | |a Πτυχιακή εργασία – Πανεπιστήμιο Αιγαίου, Λέσβος, 2009. | ||
| 504 | |a Βιβλιογραφία: σ. 54-59 | ||
| 650 | 0 | 0 | |a Indicators (Biology) |
| 650 | 0 | 0 | |a Fish culture |x Environmental aspects. |
| 650 | 0 | 0 | |a Aquaculture |x Environmental aspects. |
| 650 | 0 | |a Marine ecology |z Greece |z Mytilene (Lesbos) | |
| 650 | 0 | 0 | |a Dissertations, Academic |z Greece. |
| 700 | 1 | |4 ths |a Κουτσούμπας, Δρόσος. | |
| 710 | 2 | |a Πανεπιστήμιο Αιγαίου |b Σχολή Περιβάλλοντος |b Τμήμα Επιστημών της Θάλασσας. | |
| 852 | |a INST |b LESVOS |c DIATR |e 20100520 |h 399 |p 005100047169 |q 005100047169 |t DIE |y 23 | ||
| 852 | |a INST |b LESVOS |c DIATR |e 20100520 |h 400 |p 005100047160 |q 005100047160 |t DIE |y 23 | ||
| 856 | |u http://hdl.handle.net/11610/7070 | ||
| 901 | |a BIBL1-2010-2 | ||
| 909 | |a Λ |b 164212 | ||
| 909 | |a Λ |b 164213 | ||
| 924 | |a ΑΤΣΑΛΑΚΗ-ΓΕΡΟΠΑΝΤΑ |b ΑΡΤΕΜΙΣ |y ΛΕΣΒΟΣ |z 2009-11 | ||
| 970 | |a ΤΖΑΦΕΡΗ |b ΕΥΑΓΓΕΛΙΑ |z 2010/05/20 | ||